00834nam a2200193 a 450000100100000000500170001000800410002704000250006808200150009324500720010826001110018030000200029149000310031183000400034204900090038295201130039195201190050499900170062300003038620200930062302.0110516s1998 dr 000 0 spa d aDO-SdBNPbspacBNPHU axxxbP957b01aPrincipios básicos relativos a la independencia de la judicatura. aSanto Domingo :bComisionado de Apoyo a la reforma y Modernización de la Justica,c1998.fEditora Lozano a11 p. ;c22 cm.1 aCadernos de la reformasv3 0aCadernos de la reformas ;v3957023 aBNPD 0010718PDaPDbPDcCTd2011-05-16iLF1l0oxxx P957bp30386-10r2020-06-25w2020-06-25yLFPDZNo se presta 0010718PDaPDbPDcCTd2011-05-16iLF1l0oxxx P957bp30386-20r2020-06-25te. 2w2020-06-25yLFPDZNo se presta c29878d29878